01260nab a22002777a 4500999001500000003000400015005001700019008004100036040000700077100003400084245013300118260007200251300001300323500003800336505018200374505008900556650002600645650003800671650002900709650002200738650001900760650003400779650001800813773013800831942001300969 c5946d5946OSt20260114022035.0190605e xxu||||| |||| 00| 0 spa d cPJ 95303aTemperoni, Juan Facundo10aAlgunas valoraciones sobre la regulación nacional en materia de salud y seguridad en el teletrabajo /cJuan Facundo Temperoni. aCiudad Autónoma de Buenos Aires :bThomson Reuters La Ley,c2024. ap. 86-90 aCita: TR LALEY AR/DOC/894/2024.  aSumario: I. Consagración normativa y concepto de teletrabajo.— II. Salud y seguridad en el teletrabajo conforme el ordenamiento jurídico laboral vigente.— III. Balance.  t¿Te interesa el texto completo? Solicitalo al correo: koha@justierradelfuego.gov.ar 091316aDERECHO LABORAL 09289aTECNOLOGIA DE LA INFORMACION 09273aDERECHO INFORMATICO 094439aTELETRABAJO 095233aPANDEMIA 095817aINTELIGENCIA ARTIFICIAL 09281aINTERNET0 0271193168dCiudad Autónoma de Buenos Aires : Thomson Reuters La Ley, 1999-2002.tRevista de derecho del trabajo. Nº 3 - Mayo 2024 2udccANA